000 00777nam0a22002291 4500
001 rc\2955975
005 20250529234806.0
035 _a(NLR Aleph) 007103230
090 _a6691967
_c6691967
100 _a20080111d1934 |||y0rusy50 ca
101 0 _arus
102 _aRU
105 _aa z ||||y
200 1 _aКигбаевская весна
_eОчерк о том, как отсталый сельсовет вышел в передовые
_fН. Токов
210 _aСвердловск
_cСвердлгиз
_d1934
_gтип. треста "Полиграфкнига"
215 _aОбл., 75, [2] с.
_cил.
_d15х11 см
700 1 _aТоков
_bН.
801 0 _aRU
_bNLR
_gpsbo
801 1 _aRU
_bELAR
_2rusmarc
852 _aNLR
_j34-8/3053
942 _cBOOK
980 _aNB